000 00989nas a2200349 4500
001 BR9500720
003 BR-BrBNA
005 20231205093842.0
007 ta
008 230509b bl.|||p| |||| 00| 00por d
040 _aBR-BrBNA
_bpor
_cBiblioteca Nacional de Agricultura
041 _a(Pt)
072 _aU30; F03
100 1 _aSoave, J.
100 1 _aPizzinatto, M.A.
100 1 _aTonaka, M.A.S.
100 1 _aAmaral, H.M. do
100 1 _aBarreto, M.
100 1 _aBruno, R.A.
100 1 _aLeao, M.F.
100 1 _aMenten, J.O.M.
100 1 _aRuano, O.
100 1 _aUrben, A.F.
245 1 _aTestes comparativos de sanidade de sementes de algodoeiro realizados em 1984/85 no Brasil
650 _aSemente
650 _aAlgodao
650 _aLaboratorio
650 _aMetodo
773 0 _tRevista Brasileira de Sementes (Brazil)
_xISSN 0101-3122
_g(1992), v. 14(2) p. 119-123
_wBR9500720
909 _a202311
_bLúcia
_c55
_dLúcia Elande
942 _2AGRIS
_n0
_cANA
999 _c140739
_d140739